Regionálny rozvoj novšie teoretické koncepcie
Salvato in:
| Autore principale: | |
|---|---|
| Ente Autore: | |
| Altri autori: | , , , , , |
| Natura: | Libro |
| Lingua: | slovacco |
| Pubblicazione: |
Bratislava
Vydavateľstvo EKONÓM
2006
|
| Soggetti: | |
| Tags: |
Nessun Tag, puoi essere il primo ad aggiungerne!!
|
MARC
| LEADER | 00000nam$a2200000$$$4500 | ||
|---|---|---|---|
| 001 | 0051971 | ||
| 005 | 20240314093225.9 | ||
| 020 | |a 80-225-2151-5 | ||
| 020 | |a 978-80-225-2542-8 | ||
| 041 | 0 | |a slo | |
| 044 | |a SK | ||
| 245 | 1 | 0 | |a Regionálny rozvoj |b novšie teoretické koncepcie |c Milan Buček, Štefan Rehák, Rudolf Pástor, Miroslav Šipikal, Renáta Ježková ; recenzenti Jozef Tvrdoň, Jozef Búšik |
| 264 | 1 | |a Bratislava |b Vydavateľstvo EKONÓM |c 2006 | |
| 300 | |a 269 s. | ||
| 610 | 2 | 0 | |a rozvoj regionálny |
| 610 | 2 | 0 | |a koncepcie |
| 610 | 2 | 0 | |a výskum |
| 610 | 2 | 0 | |a vedomosti |
| 610 | 2 | 0 | |a technológia |
| 610 | 2 | 0 | |a inovácia |
| 610 | 2 | 0 | |a technológie informačné |
| 610 | 2 | 0 | |a technológie komunikačné |
| 610 | 2 | 0 | |a investície priame zahraničné |
| 610 | 2 | 0 | |a marketing regionálny |
| 610 | 2 | 0 | |a mestá |
| 610 | 2 | 0 | |a Slovensko |
| 100 | 1 | |a Buček, Milan | |
| 700 | 1 | |a Rehák, Štefan, 1974- | |
| 700 | 1 | |a Pástor, Rudolf | |
| 700 | 1 | |a Šipikal, Miroslav, 1976- | |
| 700 | 1 | |a Ježková, Renáta | |
| 700 | 1 | |a Tvrdoň, Jozef | |
| 700 | 1 | |a Búšik, Jozef | |
| 710 | 2 | |a Ekonomická univerzita v Bratislave. Národohospodárska fakulta | |